<?xml version="1.0" encoding="UTF-8"?>
<collection xmlns="http://www.loc.gov/MARC21/slim">
 <record>
  <leader>09210cam a2200745   4500</leader>
  <controlfield tag="001">769951988</controlfield>
  <controlfield tag="003">DE-627</controlfield>
  <controlfield tag="005">20210512085741.0</controlfield>
  <controlfield tag="007">tu</controlfield>
  <controlfield tag="008">131015s2013    fr |||||      00| ||fre c</controlfield>
  <datafield tag="010" ind1=" " ind2=" ">
   <subfield code="a">  2013479665</subfield>
  </datafield>
  <datafield tag="020" ind1=" " ind2=" ">
   <subfield code="a">9782330022372</subfield>
   <subfield code="c">(pbk.) : 34,00 EUR</subfield>
   <subfield code="9">978-2-330-02237-2</subfield>
  </datafield>
  <datafield tag="035" ind1=" " ind2=" ">
   <subfield code="a">(DE-627)769951988</subfield>
  </datafield>
  <datafield tag="035" ind1=" " ind2=" ">
   <subfield code="a">(DE-576)394483766</subfield>
  </datafield>
  <datafield tag="035" ind1=" " ind2=" ">
   <subfield code="a">(DE-599)BVBBV041296965</subfield>
  </datafield>
  <datafield tag="035" ind1=" " ind2=" ">
   <subfield code="a">(OCoLC)858320068</subfield>
  </datafield>
  <datafield tag="035" ind1=" " ind2=" ">
   <subfield code="a">(OCoLC)862804658</subfield>
  </datafield>
  <datafield tag="035" ind1=" " ind2=" ">
   <subfield code="a">(DE-604)BV041296965</subfield>
  </datafield>
  <datafield tag="040" ind1=" " ind2=" ">
   <subfield code="a">DE-627</subfield>
   <subfield code="b">ger</subfield>
   <subfield code="c">DE-627</subfield>
   <subfield code="e">rakwb</subfield>
  </datafield>
  <datafield tag="041" ind1=" " ind2=" ">
   <subfield code="a">fre</subfield>
  </datafield>
  <datafield tag="044" ind1=" " ind2=" ">
   <subfield code="c">XA-FR</subfield>
  </datafield>
  <datafield tag="050" ind1=" " ind2="0">
   <subfield code="a">NK2052.M36</subfield>
  </datafield>
  <datafield tag="082" ind1="0" ind2=" ">
   <subfield code="a">759</subfield>
   <subfield code="2">21</subfield>
  </datafield>
  <datafield tag="084" ind1=" " ind2=" ">
   <subfield code="a">8,2</subfield>
   <subfield code="2">ssgn</subfield>
  </datafield>
  <datafield tag="084" ind1=" " ind2=" ">
   <subfield code="a">9,10</subfield>
   <subfield code="2">ssgn</subfield>
  </datafield>
  <datafield tag="084" ind1=" " ind2=" ">
   <subfield code="a">21.11</subfield>
   <subfield code="2">bkl</subfield>
  </datafield>
  <datafield tag="100" ind1="1" ind2=" ">
   <subfield code="a">Koering, Jérémie</subfield>
   <subfield code="d">1974-</subfield>
   <subfield code="0">(DE-588)134290771</subfield>
   <subfield code="0">(DE-627)566667134</subfield>
   <subfield code="0">(DE-576)30042809X</subfield>
   <subfield code="4">aut</subfield>
  </datafield>
  <datafield tag="245" ind1="1" ind2="3">
   <subfield code="a">Le prince en représentation</subfield>
   <subfield code="b">histoire des décors du palais ducal de Mantoue au XVIe siècle</subfield>
   <subfield code="c">Jérémie Koering</subfield>
  </datafield>
  <datafield tag="264" ind1=" " ind2="1">
   <subfield code="a">Arles</subfield>
   <subfield code="b">Actes Sud</subfield>
   <subfield code="c">2013</subfield>
  </datafield>
  <datafield tag="300" ind1=" " ind2=" ">
   <subfield code="a">410 S.</subfield>
   <subfield code="b">Ill., Kt.</subfield>
   <subfield code="c">23 cm</subfield>
  </datafield>
  <datafield tag="336" ind1=" " ind2=" ">
   <subfield code="a">Text</subfield>
   <subfield code="b">txt</subfield>
   <subfield code="2">rdacontent</subfield>
  </datafield>
  <datafield tag="337" ind1=" " ind2=" ">
   <subfield code="a">ohne Hilfsmittel zu benutzen</subfield>
   <subfield code="b">n</subfield>
   <subfield code="2">rdamedia</subfield>
  </datafield>
  <datafield tag="338" ind1=" " ind2=" ">
   <subfield code="a">Band</subfield>
   <subfield code="b">nc</subfield>
   <subfield code="2">rdacarrier</subfield>
  </datafield>
  <datafield tag="501" ind1=" " ind2=" ">
   <subfield code="a">La visite commentéeArchéologie d'une pratiqueFonctions.</subfield>
  </datafield>
  <datafield tag="501" ind1=" " ind2=" ">
   <subfield code="a">Les Gonzague et le palais ducal au XVIe siècleFrédéric II (1519-1540)Les appartements du castello San Giorgio (1519-1530)Les appartements du castello San Giorgio et de la palazzina della Paleologa (1531-1540)L'appartamento di Troia (1536-1540)La régence d'Ercole Gonzague (1540-1556)L'appartement noble du castello San Giorgio (1549)Guglielmo (1556-1587)L'appartamento della Mostra ou della Rustica (1558-1561)L'appartamento Grande di Castello ou Corte Nuova (1556-1583)L'appartamento della Corte Vecchia (1576-1587)La fabrique du pouvoirMagnificenceUn instrument de distinctionGlissement d'un conceptDépense et renomméeL'ornement à sa tâcheLa magnificence au service des GonzagueLa supériorité du princePerpetuum mobile : nouveauté et mouvementLa magnificence en son cadre législatifLe chantier magnifiqueUn espace de l'autorité politiqueLa réception ou la reconnaissance des pairsUn écrin pour le princeLes façades peintes ou la métamorphose du palaisL'animation feinte des façades et des &quot;murailles&quot;De la dignité de l'artLe sceau du pouvoirLieux de passageTransparenceUn répertoire ornemental &quot;all'antica&quot;L'ornement et la cohérence du palaisLes décors à l'épreuve de la pensée politiqueL'image au service du princePouvoir de l'apparencePropagande ou gestion de l'opinion ?De l'expression à la démonstrationLe meilleur des hommesLe prince chrétien : image de Dieu sur terreNoblesse de sang et héritage dynastiqueNoblesse d'épée et vertu virileLe métier des armesLa chasse comme théâtre des vertus militairesLe cheval de guerre : attribut et fierté du princeLes vertus du princeLe prince face au miroirLe prince en quête de savoirLa force des vertusLe gouvernement de droitLes effets du bon gouvernementReprésentations : l'art entre poétique, rhétorique et histoireAristocratie des imagesUn langage poétique : &quot;ut poesis pictura&quot;Obscurité poétique et supériorité intellectuellePrudence, dissimulationUn langage édifiantLe choix de la fableAgencementExpressionUn langage persuasif : &quot;ut rhetorica pictura&quot;InventionFigures allégoriques et symboliquesL'usage des exemplesL'union des régimes iconiquesDispositionLieu, horizontalité, verticalitéArt de la mémoire et pratique combinatoireStyleLes figures et l'ornementCopia, varietas, brevitasSémantisation de l'ornementLa conduite des lettresEfficacité des imagesUn langage didactique : &quot;ut historia pictura&quot;Les décors au service du princeUne audience élargieLe choix de la clartéL'évidence du visible et la pensée politiqueRe-produire l'histoireCompositionDecorumConstruction de la véritéLa rencontre des opposés : Tintoret face à SangiorgioRéceptionVisibilitéActivationLes mots peintsLa littérature artistiqueLes descriptionsLes discours</subfield>
  </datafield>
  <datafield tag="520" ind1=" " ind2=" ">
   <subfield code="a">&quot;Cet ouvrage constitue la première étude entièrement consacrée aux décors du palais ducal de Mantoue au XVIe siècle. Ces ensembles peints et sculptés, réalisés par des artistes aussi importants que Giulio Romano, Titien ou Tintoret, n'avaient jamais été abordés de manière aussi fine et approfondie. Adoptant plusieurs focales relatives au lieu (le palais comme résidence princière et centre politique), aux acteurs (le commanditaire, le conseiller, l'artiste et le spectateur), aux pratiques (le travail collaboratif ou le contrôle exercé sur les projets par les hommes de cour) et aux idées (politiques, poétiques et artistiques), l'auteur révèle les enjeux qui ont présidé à l'élaboration de ces décors, tout en analysant avec précision la variété des solutions ornementales et figuratives inventées par les artistes pour représenter, directement ou symboliquement, le prince. L'originalité de cette étude tient à la multiplication des points de vue offerts. En conjuguant les approches (historique, politique, sémiologique, narratologique et herméneutique), l'auteur parvient non seulement à éclairer le lecteur sur la complexité des chantiers décoratifs voulus par les deux grands bâtisseurs de la dynastie des Gonzague que sont Frédéric II (1519-1540) et Guglielmo (1556-1587), mais également à renouveler, au-delà du cas mantouan, la connaissance des grands décors de la Renaissance. Par son parti pris méthodologique et théorique, l'ouvrage participe au renouveau de la pratique de l'histoire de l'art en France.&quot;--P. [4] of cover</subfield>
  </datafield>
  <datafield tag="520" ind1=" " ind2=" ">
   <subfield code="a">&quot;Cet ouvrage constitue la première étude entièrement consacrée aux décors du palais ducal de Mantoue au XVIe siècle. Ces ensembles peints et sculptés, réalisés par des artistes aussi importants que Giulio Romano, Titien ou Tintoret, n'avaient jamais été abordés de manière aussi fine et approfondie. Adoptant plusieurs focales relatives au lieu (le palais comme résidence princière et centre politique), aux acteurs (le commanditaire, le conseiller, l'artiste et le spectateur), aux pratiques (le travail collaboratif ou le contrôle exercé sur les projets par les hommes de cour) et aux idées (politiques, poétiques et artistiques), l'auteur révèle les enjeux qui ont présidé à l'élaboration de ces décors, tout en analysant avec précision la variété des solutions ornementales et figuratives inventées par les artistes pour représenter, directement ou symboliquement, le prince. L'originalité de cette étude tient à la multiplication des points de vue offerts. En conjuguant les approches (historique, politique, sémiologique, narratologique et herméneutique), l'auteur parvient non seulement à éclairer le lecteur sur la complexité des chantiers décoratifs voulus par les deux grands bâtisseurs de la dynastie des Gonzague que sont Frédéric II (1519-1540) et Guglielmo (1556-1587), mais également à renouveler, au-delà du cas mantouan, la connaissance des grands décors de la Renaissance. Par son parti pris méthodologique et théorique, l'ouvrage participe au renouveau de la pratique de l'histoire de l'art en France.&quot;--P. [4] of cover</subfield>
  </datafield>
  <datafield tag="610" ind1="1" ind2="0">
   <subfield code="a">Palazzo ducale (Museum : Mantua, Italy)</subfield>
  </datafield>
  <datafield tag="650" ind1=" " ind2="0">
   <subfield code="a">Interior decoration</subfield>
   <subfield code="z">Italy</subfield>
   <subfield code="z">Mantua</subfield>
  </datafield>
  <datafield tag="650" ind1=" " ind2="0">
   <subfield code="a">Art, Renaissance</subfield>
   <subfield code="z">Italy</subfield>
   <subfield code="z">Mantua</subfield>
  </datafield>
  <datafield tag="650" ind1=" " ind2="0">
   <subfield code="a">Art, Italian</subfield>
   <subfield code="y">16th century</subfield>
   <subfield code="x">Themes, motives</subfield>
  </datafield>
  <datafield tag="650" ind1=" " ind2="0">
   <subfield code="a">Power (Philosophy) in art</subfield>
  </datafield>
  <datafield tag="651" ind1=" " ind2="0">
   <subfield code="a">Mantua (Italy)</subfield>
   <subfield code="x">Buildings, structures, etc</subfield>
  </datafield>
  <datafield tag="689" ind1="0" ind2="0">
   <subfield code="d">g</subfield>
   <subfield code="0">(DE-588)4266647-8</subfield>
   <subfield code="0">(DE-627)104564598</subfield>
   <subfield code="0">(DE-576)210639016</subfield>
   <subfield code="a">Palazzo Ducale</subfield>
   <subfield code="g">Mantua</subfield>
   <subfield code="2">gnd</subfield>
  </datafield>
  <datafield tag="689" ind1="0" ind2="1">
   <subfield code="d">s</subfield>
   <subfield code="0">(DE-588)4064542-3</subfield>
   <subfield code="0">(DE-627)106123068</subfield>
   <subfield code="0">(DE-576)20915411X</subfield>
   <subfield code="a">Wandmalerei</subfield>
   <subfield code="2">gnd</subfield>
  </datafield>
  <datafield tag="689" ind1="0" ind2="2">
   <subfield code="a">z</subfield>
   <subfield code="2">gnd</subfield>
   <subfield code="a">Geschichte 1500-1600</subfield>
  </datafield>
  <datafield tag="689" ind1="0" ind2=" ">
   <subfield code="5">DE-101</subfield>
  </datafield>
  <datafield tag="689" ind1="1" ind2="0">
   <subfield code="d">g</subfield>
   <subfield code="0">(DE-588)4266647-8</subfield>
   <subfield code="0">(DE-627)104564598</subfield>
   <subfield code="0">(DE-576)210639016</subfield>
   <subfield code="a">Palazzo Ducale</subfield>
   <subfield code="g">Mantua</subfield>
   <subfield code="2">gnd</subfield>
  </datafield>
  <datafield tag="689" ind1="1" ind2="1">
   <subfield code="d">s</subfield>
   <subfield code="0">(DE-588)4064542-3</subfield>
   <subfield code="0">(DE-627)106123068</subfield>
   <subfield code="0">(DE-576)20915411X</subfield>
   <subfield code="a">Wandmalerei</subfield>
   <subfield code="2">gnd</subfield>
  </datafield>
  <datafield tag="689" ind1="1" ind2="2">
   <subfield code="a">z</subfield>
   <subfield code="2">gnd</subfield>
   <subfield code="a">Geschichte 1500-1600</subfield>
  </datafield>
  <datafield tag="689" ind1="1" ind2=" ">
   <subfield code="5">(DE-627)</subfield>
  </datafield>
  <datafield tag="787" ind1="0" ind2="8">
   <subfield code="i">Rezension</subfield>
   <subfield code="a">L'Occaso, Stefano, 1975 - </subfield>
   <subfield code="t">Rappresentazione del potere e iconografie retoriche</subfield>
   <subfield code="d">2014</subfield>
   <subfield code="w">(DE-627)1757695044</subfield>
  </datafield>
  <datafield tag="856" ind1="4" ind2="2">
   <subfield code="u">http://bvbr.bib-bvb.de:8991/F?func=service&amp;doc_library=BVB01&amp;doc_number=026745833&amp;line_number=0001&amp;func_code=DB_RECORDS&amp;service_type=MEDIA</subfield>
   <subfield code="x">Verlag</subfield>
   <subfield code="z">Inhaltsverzeichnis</subfield>
  </datafield>
  <datafield tag="856" ind1="4" ind2="2">
   <subfield code="u">http://bvbr.bib-bvb.de:8991/F?func=service&amp;doc_library=BVB01&amp;doc_number=026745833&amp;line_number=0002&amp;func_code=DB_RECORDS&amp;service_type=MEDIA</subfield>
   <subfield code="x">Verlag</subfield>
   <subfield code="z">Klappentext</subfield>
  </datafield>
  <datafield tag="856" ind1="4" ind2="2">
   <subfield code="u">http://bvbr.bib-bvb.de:8991/F?func=service&amp;doc_library=BVB01&amp;doc_number=026745833&amp;line_number=0003&amp;func_code=DB_RECORDS&amp;service_type=MEDIA</subfield>
   <subfield code="x">Verlag</subfield>
   <subfield code="z">Buchcover</subfield>
  </datafield>
  <datafield tag="936" ind1="b" ind2="k">
   <subfield code="a">21.11</subfield>
   <subfield code="j">Wandmalerei</subfield>
   <subfield code="0">(DE-627)10642176X</subfield>
  </datafield>
  <datafield tag="951" ind1=" " ind2=" ">
   <subfield code="a">BO</subfield>
  </datafield>
  <datafield tag="990" ind1=" " ind2=" ">
   <subfield code="a">Palazzo Ducale</subfield>
  </datafield>
  <datafield tag="990" ind1=" " ind2=" ">
   <subfield code="a">Wandmalerei</subfield>
  </datafield>
  <datafield tag="990" ind1=" " ind2=" ">
   <subfield code="a">Geschichte 1500-1600</subfield>
  </datafield>
  <datafield tag="990" ind1=" " ind2=" ">
   <subfield code="a">Palazzo Ducale</subfield>
  </datafield>
  <datafield tag="990" ind1=" " ind2=" ">
   <subfield code="a">Wandmalerei</subfield>
  </datafield>
  <datafield tag="990" ind1=" " ind2=" ">
   <subfield code="a">Geschichte 1500-1600</subfield>
  </datafield>
  <datafield tag="991" ind1=" " ind2=" ">
   <subfield code="a">Rezensiertes Werk</subfield>
  </datafield>
  <datafield tag="999" ind1=" " ind2=" ">
   <subfield code="a">KXP-PPN769951988</subfield>
   <subfield code="e">405012677X</subfield>
  </datafield>
 </record>
</collection>
